Statistics for Landforms by Picture

Click here to take the quiz!

General Stats

  • This quiz has been taken 10,136 times
  • The average score is 10 of 15

Answer Stats

Answer% Correct
Waterfall
99%
Volcano
98%
Dune
88%
Delta
85%
Geyser
83%
Fjord
82%
Arch
75%
Marsh
73%
Atoll
66%
Isthmus
64%
Cape
61%
Mesa
50%
Crevasse
47%
Butte
32%
Hoodoo
12%

Score Distribution

Percentile by Number Answered

Percent of People with Each Score

Your Score History

You have not taken this quiz